00278nam a2200097Ia 4500008004100000100001700041245003800058260003200096300000900128650004300137190216s9999||||xx |||||||||||||| ||und|| aRaja Raman V 0aComputer Programming In Fortraniv bPentice Hall Of Indiac1984 a177p a"Computer Programming. Programs, Data"